00951nam a2200229 a 450000100100000000500170001000800410002704000250006808200200009310000320011324500880014526000470023330000210028059000260030165000280032765000310035570000420038691000380042895201170046695201230058399900150070600000932920240412074211.0090929s1951 dr r 000 p spa d aDO-SdBNPbspacBNPHU aRD861.44bM516z aMejía, Francisco R91483210aZumos del camino :bversos /cFrancisco R. Mejía ; prólogo R. Emilio Jiménez. aBuenos Aires, Argentina :bLópez,c1951. a132 p. ;c21 cm. aInventariado, 2018/BT 0aPoesía dominicana966 0aLiteratura dominicana.9671 aJiménez, R. Emilio,epról.923963 aValidado. Control de calidad. MFF 001050718RVaPDbPDcHDd2009-09-29iLF1l0oRD861.44 M516zp9329-10r2020-06-25w2020-06-25y1ZNo se presta 001050718RVaPDbPDcHDd2009-09-29iLF1l0oRD861.44 M516zp9329-20r2020-06-25te. 2w2020-06-25y1ZNo se presta c9089d9089